Analýza možností využitia nových technológií na energetických rozvodoch v prístupovej sieti : Dipl.práca

Gespeichert in:
Bibliographische Detailangaben
1. Verfasser: Hajnal, Henrich (Verfasst von)
Weitere Verfasser: Čuchran, Ján, 1936- (Betreuung Doktorarbeit)
Format: Manuskript Buch
Sprache:Slowakisch
Veröffentlicht: Bratislava : STU v Bratislave FEI, 2004
Schlagworte:
Tags: Tag hinzufügen
Keine Tags, Fügen Sie das erste Tag hinzu!

MARC

LEADER 00000ntm a22000003a 4500
001 stu92951
005 20160719164655.6
008 050223s2004------------------------slo-d
040 |a STU  |b slo 
041 0 |a slo 
100 1 |a Čuchran, Ján,  |d 1936-  |4 ths  |u E070  |U FEI Fakulta elektrotechniky a informatiky  |T FEI Ústav telekomunikácií  |X 2200  |U E070  |Y 818  |7 A000002200 
245 1 |a Analýza možností využitia nových technológií na energetických rozvodoch v prístupovej sieti :  |b Dipl.práca 
260 |a Bratislava :  |b STU v Bratislave FEI,  |c 2004 
300 |a 33 s 
650 7 |a Telekomunikácie  |2 stusub 
700 1 |a Hajnal, Henrich  |4 aut